• 首页
  • 本馆介绍
  • 公告通知
  • 最新文献
  • 馆藏检索
  • 电子资源
  • 读者导购
  • 参考咨询
  • 我的图书馆
  • 登录
  • 详细信息显示
  • 放入我的书架
  • 预约/预借图书
  • 作者相关作品
  • 分类相关作品
  • 丛书相关作品
  • 出版社相关作品

书目信息

  • 表格格式
  • 工作单格式
  • 卡片格式
题名:
财经法规与会计职业道德
    
 
作者: 高翠莲 主编
分册:  
出版信息: 北京   高等教育出版社  2016
页数: 346页
开本: 26cm
丛书名:
单 册:
中图分类: D922.201 , D922.290.1
科图分类:
主题词: 财政法--中国--高等职业教育--教材 , 经济法--中国--高等职业教育--教材 , 会计人员--职业道德--中国--高等职业教育--教材
电子资源:
ISBN: 978-7-04-043439-2
000 01271nam0 2200277 450
001 0103767170
005 20160602133256.0
010    @a978-7-04-043439-2@dCNY38.60
100    @a20160301d2016 em y0chiy0120 ea
101 0  @achi
102    @aCN@b110000
105    @aa z 000yy
106    @ar
200 1  @a财经法规与会计职业道德@9Cai Jing Fa Gui Yu Hui;Kuai Ji Zhi Ye Dao De @f高翠莲主编@b专著
210    @a北京@c高等教育出版社@d2016
215    @a346页@c图,照片@d26cm
300    @a全国职业教育规划教材 高等职业教育财务会计类专业“课证融合”系列教材 全国会计从业资格考试辅导教材
330    @a本书由三部分组成,第一部分为财政部制定的《财经法规与会计职业道德》考试大纲;第二部分为按财政部大纲编写的《财经法规与会计职业道德》理论知识;第三部分为结合大纲按财政部考试题型编写的习题及答案。教材比较详细地介绍了会计法规体系及相关制度的内容、银行支付结算办法以及票据法的内容、税收法规体系及税收征管法的相关规定、财政法律制度的相关内容。
606 0  @a财政法@y中国@x高等职业教育@j教材
606 0  @a经济法@y中国@x高等职业教育@j教材
606 0  @a会计人员@x职业道德@y中国@x高等职业教育@j教材
690    @aD922.201@v5
690    @aD922.290.1@v5
701  0 @a高翠莲@f(1965~)@4主编@9gao cui lian
801  0 @aCN@bAZmarc@c20230903
905    @aBZT@dD922@e201@f1@sD922/201
    
    财经法规与会计职业道德/高翠莲主编.-北京:高等教育出版社,2016
    346页:图,照片;26cm
    全国职业教育规划教材 高等职业教育财务会计类专业“课证融合”系列教材 全国会计从业资格考试辅导教材
    
    ISBN 978-7-04-043439-2:CNY38.60
    本书由三部分组成,第一部分为财政部制定的《财经法规与会计职业道德》考试大纲;第二部分为按财政部大纲编写的《财经法规与会计职业道德》理论知识;第三部分为结合大纲按财政部考试题型编写的习题及答案。教材比较详细地介绍了会计法规体系及相关制度的内容、银行支付结算办法以及票据法的内容、税收法规体系及税收征管法的相关规定、财政法律制度的相关内容。
●
相关链接 在五车中查询图书 在当当中查询图书 在豆瓣中查询图书


正题名:财经法规与会计职业道德     索取号:D922/201         预约/预借

序号 登录号 条形码 馆藏地/架位号 状态 备注
1 2000008121   2000008121   旧书回溯/ [索取号:D922/201] 在馆    
山东省滨州职业学院图书馆 欢迎您!
大连网信软件有限公司© 版权所有